00969nam a2200241 a 4500001001000000003000900010005001700019008004100036020001500077040002500092100003900117245010200156260009800258300001700356490005400373500004200427500005200469500002700521700003800548942001400586952011000600999001700710000039384DO-SdBNP20250625103835.0130625s1989 sp 000 0 spa d a8400069714 aDO-SdBNPbspacBNPHU1 aFernández Marcos, Natalio91528513aEl texto antioqueno de la biblia griega /cNatalio Fernández Marcos, José Ramón Busto Saiz. aMadrid :bConsejo Superior de Investigaciones CientíficasbInstituto de Filología,c1989. av. ;c26 cm.0 aConsejo Nacional de Población y Familiavno. 50 aIncluye notas al pie de las páginas aLa biblioteca posee los volúmenes I, II y III aIncluye bibliografía1 aBusto Saiz, José Ramón965411 2ddccLBS1 00102ddc56708MOaGRbGRcOId2013-06-25iLF1l0o p39384-10r2020-06-25w2020-06-25y1ZNo se presta c38874d38874